| 000 | 00661nam a2200217 a 4500 | ||
|---|---|---|---|
| 001 | 000017052 | ||
| 003 | OSt | ||
| 005 | 20240307180747.0 | ||
| 008 | 100316s1934 dr 000 0 spa d | ||
| 040 |
_aDO-SdBNP _bspa _cBNPHU |
||
| 049 | _aBNPD | ||
| 082 | 4 |
_a467.97293 _bP298a |
|
| 100 | 1 |
_aPatín Maceo, Manuel A., _q (Manuel Antonio) _d1892-1968 _936996 |
|
| 245 | 1 | 0 |
_aApuntaciones gramaticales / _cManuel Antonio Patín Maceo. |
| 260 |
_aSanto Domingo : _bLa Nación, _c1934. |
||
| 300 |
_av. ; _c23 cm. |
||
| 500 | _aLa Biblioteca posee el tomo I | ||
| 650 | 4 |
_aDominicanismos _913083 |
|
| 650 | 4 |
_aEspañol _xPalabras y frases _97109 |
|
| 942 |
_2ddc _cLF1 |
||
| 999 |
_c16578 _d16578 |
||